000 00562nam a2200193 a 4500
005 20140310183137.0
008 020823s19uu xx 00 eng d
020 _a9814040630
050 _aHF 5679
_b.Al425 1999
100 _aAllen, Warren W.
245 _aAutomated accounting 7.0 /
_cWarren W. Allen.
260 _aCincinnati, Ohio :
_bInternational Thomson publishing,
_c1999.
300 _a505 p. :
_bill. ;
_c24 cm.
521 _aBSA
650 _aAccounting
_xdata processing
700 _aKlooster, Dale H.
942 _cBK
_2lcc
_kFOR
999 _c19314
_d19314